00428nam a2200157Ia 4500008004100000020002200041041000800063082001800071100002300089245006600112260003700178300000900215500001700224650001200241700001700253220803s9999 xx 000 0 und d a978-0-7619-3633-6 aeng a711.7 SUT/MIS aSutheeshna B S Ed. aTourism Development Revisited : Concepts Issues And Paradigms aNew DelhibSage Publiationc2008 a363p aArchitecture aTourism aMishra S Ed.